[Event "Regionalliga SO 0708"]
[Site "Bayern"]
[Date "2007.11.04"]
[Round "2.7"]
[White "Grabmeier, Johannes"]
[Black "Habdank, Christoph"]
[Result "0-1"]
[WhiteElo "1901"]
[BlackElo "2072"]
[PlyCount "42"]
[EventDate "2007.10.21"]
[EventType "team-tourn"]
[EventRounds "9"]
[EventCountry "GER"]
[SourceTitle "EXT 2009"]
[Source "ChessBase"]
[SourceDate "2008.11.26"]
[SourceVersion "1"]
[SourceVersionDate "2008.11.26"]
[SourceQuality "1"]
[WhiteTeam "Deggendorf"]
[BlackTeam "Graefelfing"]
[WhiteTeamCountry "GER"]
[BlackTeamCountry "GER"]

1. b4 Nf6 2. Bb2 g6 3. Nf3 Bg7 4. e4 d6 5. Bc4 0-0 6. Qe2 e5 7. 0-0 Nbd7 8. Bb3 Qe7 9. c4 Nh5 10. g3 Re8 11. Nc3 c6 12. Rac1 Nf8 13. c5 dxc5 14. b5 Bg4 15. bxc6 bxc6 16. Na4 Qf6 17. Kg2 Ne6 18. Nxc5 Nef4+ 19. gxf4 Nxf4+ 20. Kg3 Nxe2+ 21. Kxg4 Qf4+ 0-1

[Event "Regionalliga SO 0405"]
[Site "Bayern"]
[Date "2005.01.30"]
[Round "6.8"]
[White "Stieber, Ulrich"]
[Black "Habdank, Christoph"]
[Result "0-1"]
[WhiteElo "1923"]
[BlackElo "2054"]
[PlyCount "74"]
[EventDate "2004.10.24"]
[EventType "team-tourn"]
[EventRounds "9"]
[EventCountry "GER"]
[SourceTitle "EXT 2007"]
[Source "ChessBase"]
[SourceDate "2006.11.23"]
[SourceVersion "1"]
[SourceVersionDate "2006.11.23"]
[SourceQuality "1"]
[WhiteTeam "Vogtareuth"]
[BlackTeam "Graefelfing"]
[WhiteTeamCountry "GER"]
[BlackTeamCountry "GER"]

1. e4 d6 2. d4 Nf6 3. Nc3 g6 4. Be3 Bg7 5. Qd2 c6 6. f3 b5 7. g4 h5 8. g5 Nfd7 9. f4 Nb6 10. Bd3 Nc4 11. Bxc4 bxc4 12. Nf3 d5 13. Ne5 dxe4 14. 0-0 Be6 15. Nxe4 Bd5 16. Nc3 e6 17. Qe2 Bxe5 18. fxe5 0-0 19. Nxd5 cxd5 20. Rf3 Nc6 21. b3 Rc8 22. bxc4 dxc4 23. c3 Qd5 24. Rff1 Ne7 25. Qf3 Qxf3 26. Rxf3 Nd5 27. Bc1 Rb8 28. Ba3 Rfd8 29. Raf1 Rd7 30. h4 Rb5 31. R1f2 Rdb7 32. Kh2 Rb1 33. Bc5 a5 34. Ba3 Re1 35. Rb2 Rxb2+ 36. Bxb2 Re2+ 37. Kg3 Rxb2 0-1

[Event "Regionalliga SO 0304"]
[Site "Bayern"]
[Date "2004.02.15"]
[Round "6.6"]
[White "Gschwendtner, Klaus"]
[Black "Habdank, Christoph"]
[Result "1/2-1/2"]
[WhiteElo "2048"]
[BlackElo "2055"]
[PlyCount "39"]
[EventDate "2003.10.??"]
[EventType "team"]
[EventRounds "9"]
[EventCountry "GER"]
[SourceTitle "EXT 2006"]
[Source "ChessBase"]
[SourceDate "2005.11.24"]
[SourceVersion "1"]
[SourceVersionDate "2005.11.24"]
[SourceQuality "1"]
[WhiteTeam "Starnberg"]
[BlackTeam "Graefelfing"]
[WhiteTeamCountry "GER"]
[BlackTeamCountry "GER"]

1. c4 Nf6 2. Nc3 g6 3. g3 Bg7 4. Bg2 d6 5. d4 0-0 6. Nf3 Nbd7 7. 0-0 e5 8. e4 c6 9. h3 Re8 10. dxe5 dxe5 11. Be3 Qc7 12. Qd2 b6 13. Rfd1 Bf8 14. Bg5 Be7 15. Rac1 a5 16. Nh2 Nc5 17. Bxf6 Bxf6 18. Qd6 Qxd6 19. Rxd6 Re6 20. Rcd1 1/2-1/2

[Event "Regionalliga SO 0304"]
[Site "Bayern"]
[Date "2003.11.23"]
[Round "3.7"]
[White "Baernthaler, Michael"]
[Black "Habdank, Christoph"]
[Result "1/2-1/2"]
[WhiteElo "1723"]
[BlackElo "2055"]
[PlyCount "80"]
[EventDate "2003.10.??"]
[EventType "team"]
[EventRounds "9"]
[EventCountry "GER"]
[SourceTitle "EXT 2006"]
[Source "ChessBase"]
[SourceDate "2005.11.24"]
[SourceVersion "1"]
[SourceVersionDate "2005.11.24"]
[SourceQuality "1"]
[WhiteTeam "Freilassing"]
[BlackTeam "Graefelfing"]
[WhiteTeamCountry "GER"]
[BlackTeamCountry "GER"]

1. e4 d6 2. d4 Nf6 3. Nc3 g6 4. h3 Bg7 5. Nf3 0-0 6. Be2 c6 7. 0-0 b5 8. a3 a6 9. Be3 Qc7 10. Nd2 Nbd7 11. f4 Bb7 12. Bf3 c5 13. d5 e6 14. Nb3 exd5 15. exd5 Rae8 16. Qd2 Nb6 17. Na5 Ba8 18. Rfe1 Nbxd5 19. Nxd5 Nxd5 20. Bxd5 Bxd5 21. Qxd5 Qxa5 22. c3 Qc7 23. Rad1 b4 24. axb4 cxb4 25. cxb4 Rxe3 26. Rxe3 Qa7 27. Kf2 Re8 28. Qd3 Bxb2 29. Ke2 Rxe3+ 30. Qxe3 Qb7 31. Rxd6 Qxb4 32. Rd8+ Kg7 33. g4 Bf6 34. Rd3 h6 35. g5 hxg5 36. fxg5 Qb2+ 37. Kf3 Qb7+ 38. Kf2 Ba1 39. Rb3 Qh1 40. Ke2 Qg2+ 1/2-1/2

[Event "Landesliga Sued 0203"]
[Site "Bayern"]
[Date "2003.02.09"]
[Round "6.5"]
[White "Habdank, Christoph"]
[Black "Sailer, Wolfgang"]
[Result "1/2-1/2"]
[WhiteElo "2066"]
[BlackElo "2090"]
[PlyCount "33"]
[EventDate "2002.10.20"]
[EventType "team-tourn"]
[EventRounds "9"]
[EventCountry "GER"]
[SourceTitle "EXT 2004"]
[Source "ChessBase"]
[SourceDate "2003.11.25"]
[SourceVersion "1"]
[SourceVersionDate "2003.11.25"]
[SourceQuality "1"]
[WhiteTeam "Graefelfing"]
[BlackTeam "Ingolstadt"]
[WhiteTeamCountry "GER"]
[BlackTeamCountry "GER"]

1. Nf3 g6 2. g3 Bg7 3. Bg2 e5 4. e4 c5 5. 0-0 Nc6 6. d3 Nge7 7. Nbd2 d6 8. c3 0-0 9. Ne1 Be6 10. f4 exf4 11. gxf4 f5 12. Ndf3 h6 13. Qe2 Qd7 14. Nh4 Kh7 15. Kh1 Rae8 16. Rg1 Bf6 17. Nhf3 1/2-1/2

[Event "Landesliga Sued 0203"]
[Site "Bayern"]
[Date "2002.12.15"]
[Round "3.6"]
[White "Habdank, Christoph"]
[Black "Ruether, Rudolf"]
[Result "0-1"]
[WhiteElo "2066"]
[BlackElo "2149"]
[PlyCount "52"]
[EventDate "2002.10.20"]
[EventType "team-tourn"]
[EventRounds "9"]
[EventCountry "GER"]
[SourceTitle "EXT 2004"]
[Source "ChessBase"]
[SourceDate "2003.11.25"]
[SourceVersion "1"]
[SourceVersionDate "2003.11.25"]
[SourceQuality "1"]
[WhiteTeam "Graefelfing"]
[BlackTeam "Muenchen Siemens"]
[WhiteTeamCountry "GER"]
[BlackTeamCountry "GER"]

1. g3 Nf6 2. Bg2 c5 3. d3 Nc6 4. Nf3 g6 5. 0-0 Bg7 6. Nbd2 0-0 7. e4 d5 8. c3 b6 9. Qe2 Qc7 10. Re1 e6 11. Nf1 dxe4 12. dxe4 a5 13. e5 Ba6 14. c4 Nd5 15. Qe4 Nde7 16. h4 Rad8 17. N1h2 Nd4 18. Ng5 Bxc4 19. h5 h6 20. Qh4 Nef5 21. Qh3 hxg5 22. Bxg5 gxh5 23. Qxh5 f6 24. exf6 Bxf6 25. Ng4 Bxg5 26. Qxg5+ Qg7 0-1